Educación Matemática 4º Educación Media

Gespeichert in:
Bibliographische Detailangaben
Hauptverfasser: Pedreros Matta, Alejandro Humberto (VerfasserIn), Baeza Peña, Angela Rossana (VerfasserIn), Villena Ramírez, Marcia (VerfasserIn), Jorquera Rozbaczylo, Pablo (VerfasserIn), Moreno Rioseco, Gabriel Iván (VerfasserIn)
Format: Buch
Sprache:Spanisch
Veröffentlicht: Santiago Santillana del Pacífico 2005
Schlagworte:
Tags: Tag hinzufügen
Keine Tags, Fügen Sie den ersten Tag hinzu!

MARC

LEADER 00000nam a2200000 a 4500
001 UCG1376
003 CL-VaPUC
008 100429e20050000CL |||||||||||||||||spa|d
020 |a 9561510219 
082 0 4 |a 510.712  |b PED  |2 21 
100 0 |a Pedreros Matta, Alejandro Humberto  |e author  |9 549314 
700 0 |a Baeza Peña, Angela Rossana  |e author  |9 549315 
700 0 |a Villena Ramírez, Marcia  |e author  |9 549316 
700 0 |a Jorquera Rozbaczylo, Pablo  |e author  |9 549317 
700 |a Moreno Rioseco, Gabriel Iván  |e author  |9 528129 
245 1 0 |a Educación Matemática 4º Educación Media 
300 |a 255 p 
942 |c BK 
945 |d 20100429 00:00:00  |a dcastane 
260 |a Santiago  |b Santillana del Pacífico  |c 2005 
650 0 |a Matemáticas  |x Enseñanza  |9 875527 
650 0 |a Métodos de enseñanza  |9 270413 
650 0 |a Libros de texto  |9 270019 
583 |a last modification  |c 20170816 12:55:06  |k Rodrigo Vera 
999 |c 340778  |d 340776